[Event "TCh-ESP Div Honor 2015"]
[Site "Linares ESP"]
[Date "2015.08.20"]
[Round "6.2"]
[Board "2"]
[White "Nisipeanu, Liviu-Dieter"]
[Black "Adhiban, Baskaran"]
[Result "0-1"]
[WhiteTitle "GM"]
[BlackTitle "GM"]
[WhiteElo "2667"]
[BlackElo "2643"]
[WhiteTeam "Merida Patrimonio Humanidad"]
[BlackTeam "Solvay"]
[WhiteFideId "1202758"]
[BlackFideId "5018471"]
[EventDate "2015.08.15"]

1. Nf3 Nf6 2. c4 g6 3. Nc3 Bg7 4. e4 d6 5. d4 O-O 6. Be2 e5 7. O-O Nc6 8. d5 Ne7
9. a4 a5 10. Ne1 Nd7 11. Nd3 f5 12. f3 f4 13. b3 g5 14. Ba3 b6 15. Nb5 Ng6 16.
b4 axb4 17. Bxb4 Nc5 18. Nf2 Nb7 19. a5 bxa5 20. Nc3 Ne7 21. Nd3 Ng6 22. Nb5 Nc5
23. Nf2 Nb7 24. Qe1 a4 25. Qd1 h5 26. h3 Bh6 27. Rxa4 Rxa4 28. Qxa4 g4 29. hxg4
hxg4 30. Nxg4 Bxg4 31. fxg4 f3 32. Rxf3 Rxf3 33. Bxf3 Be3+ 34. Kf1 Qh4 35. Ke2
Qf2+ 36. Kd1 Qf1+ 37. Kc2 Qc1+ 38. Kb3 Qb1+ 39. Kc3 Qc1+ 40. Kb3 Qb1+ 41. Kc3
Bf2 42. c5 dxc5 43. Kc4 cxb4 0-1

[Event "TCh-ESP Div Honor 2015"]
[Site "Linares ESP"]
[Date "2015.08.20"]
[Round "6.2"]
[Board "3"]
[White "Ganguly, Surya Shekhar"]
[Black "Saric, Ivan"]
[Result "0-1"]
[WhiteTitle "GM"]
[BlackTitle "GM"]
[WhiteElo "2631"]
[BlackElo "2661"]
[WhiteTeam "Solvay"]
[BlackTeam "Merida Patrimonio Humanidad"]
[WhiteFideId "5002150"]
[BlackFideId "14508150"]
[EventDate "2015.08.15"]

1. e4 c5 2. Nf3 Nc6 3. Nc3 e6 4. d4 cxd4 5. Nxd4 Qc7 6. Be3 a6 7. Be2 b5 8. Nxc6
dxc6 9. O-O Bd6 10. f4 e5 11. f5 Nf6 12. Bf3 a5 13. Qe1 Ba6 14. Qg3 Rg8 15. Rfd1
O-O-O 16. Qf2 Kb7 17. a3 Be7 18. Rdb1 g6 19. Be2 gxf5 20. Qxf5 Rg6 21. b4 Rdg8
22. g3 a4 23. Nxa4 bxa4 24. b5 cxb5 25. Bxb5 Bc5 26. Qf2 Ng4 27. Bc4+ Ka8 28.
Bd5+ Rc6 29. Rb6 Qxb6 30. Bxc5 Nxf2 31. Bxb6 Nh3+ 0-1

[Event "TCh-ESP Div Honor 2015"]
[Site "Linares ESP"]
[Date "2015.08.20"]
[Round "6.2"]
[Board "4"]
[White "Landa, Konstantin"]
[Black "Delchev, Aleksander"]
[Result "1/2-1/2"]
[WhiteTitle "GM"]
[BlackTitle "GM"]
[WhiteElo "2624"]
[BlackElo "2604"]
[WhiteTeam "Merida Patrimonio Humanidad"]
[BlackTeam "Solvay"]
[WhiteFideId "4101685"]
[BlackFideId "2900394"]
[EventDate "2015.08.15"]

1. Nf3 d5 2. d4 Nf6 3. c4 dxc4 4. e3 Bg4 5. Bxc4 e6 6. h3 Bh5 7. g4 Bg6 8. Ne5
Be4 9. f3 Bd5 10. Be2 c5 11. Nc3 cxd4 12. Qxd4 Nc6 13. Bb5 Qc7 14. Nxd5 Nxd5 15.
Bd2 Bb4 16. Bxb4 Nxb4 17. Qxb4 Qxe5 18. O-O-O Qxe3+ 19. Kb1 Qb6 20. a4 Qc7 21.
Rc1 Rc8 22. Rhd1 Qe7 23. Bxc6+ bxc6 24. Qd6 Qxd6 25. Rxd6 c5 26. b4 Ke7 27. bxc5
Rxc5 28. Rxe6+ Kxe6 29. Rxc5 Rb8+ 30. Kc2 Rb4 31. Ra5 Rf4 32. Ra6+ Kd5 33. Rxa7
Rxf3 34. Rc7 Rxh3 35. Rxf7 g6 36. g5 Kc5 37. Rb7 Ra3 38. Rxh7 1/2-1/2

[Event "TCh-ESP Div Honor 2015"]
[Site "Linares ESP"]
[Date "2015.08.20"]
[Round "6.2"]
[Board "5"]
[White "Cacho Reigadas, Sergio"]
[Black "Korneev, Oleg"]
[Result "1/2-1/2"]
[WhiteTitle "IM"]
[BlackTitle "GM"]
[WhiteElo "2512"]
[BlackElo "2569"]
[WhiteTeam "Solvay"]
[BlackTeam "Merida Patrimonio Humanidad"]
[WhiteFideId "2202450"]
[BlackFideId "4156803"]
[EventDate "2015.08.15"]

1. d4 Nf6 2. c4 e6 3. Nf3 d5 4. Nc3 c6 5. e3 Nbd7 6. Qc2 b6 7. cxd5 cxd5 8. Nb5
Bb4+ 9. Bd2 Bxd2+ 10. Nxd2 O-O 11. Bd3 Qe7 12. O-O Qd8 13. Nb1 Nb8 14. Qd1 Nbd7
15. Qc2 Qe7 16. Nd2 Bb7 17. Rfc1 Rac8 18. Qa4 a6 19. Qa3 Qxa3 20. Nxa3 h6 21.
Kf1 Rfd8 22. Ke2 Kf8 23. f3 Ke7 24. b4 Ne8 25. Rc2 Nd6 26. Rac1 Rxc2 1/2-1/2

[Event "TCh-ESP Div Honor 2015"]
[Site "Linares ESP"]
[Date "2015.08.20"]
[Round "6.2"]
[Board "6"]
[White "Larino Nieto, David"]
[Black "De La Villa Garcia, Jesus Maria"]
[Result "1/2-1/2"]
[WhiteTitle "GM"]
[BlackTitle "GM"]
[WhiteElo "2463"]
[BlackElo "2467"]
[WhiteTeam "Merida Patrimonio Humanidad"]
[BlackTeam "Solvay"]
[WhiteFideId "2256444"]
[BlackFideId "2200040"]
[EventDate "2015.08.15"]

1. b3 e5 2. Bb2 Nc6 3. e3 Nf6 4. Bb5 Bd6 5. Ne2 a6 6. Bxc6 dxc6 7. d3 O-O 8. Nd2
a5 9. a4 Qe7 10. O-O Ng4 11. h3 Nh6 12. Nc4 Re8 13. e4 Qh4 14. d4 exd4 15. Nxd6
cxd6 16. Qxd4 f6 17. Ng3 Nf7 18. Bc3 Bxh3 19. gxh3 Ng5 20. Qe3 Qxh3 21. Rae1 Qg4
22. Kg2 Qh3+ 23. Kg1 Qg4 24. Kg2 Qh3+ 1/2-1/2

[Event "TCh-ESP Div Honor 2015"]
[Site "Linares ESP"]
[Date "2015.08.20"]
[Round "6.3"]
[Board "1"]
[White "Rakhmanov, Aleksandr"]
[Black "Anton Guijarro, David"]
[Result "1/2-1/2"]
[WhiteTitle "GM"]
[BlackTitle "GM"]
[WhiteElo "2620"]
[BlackElo "2635"]
[WhiteTeam "Escola d'escacs de Barcelona"]
[BlackTeam "Chess24-VTI-Atocha"]
[WhiteFideId "4173708"]
[BlackFideId "2285525"]
[EventDate "2015.08.15"]

1. Nf3 f5 2. b3 Nf6 3. Bb2 e6 4. g3 b6 5. Bg2 Bb7 6. d3 g6 7. Nbd2 Bg7 8. c4 O-O
9. O-O Qe7 10. Rb1 c5 11. e3 d6 12. d4 Nbd7 13. Ne1 d5 14. Nd3 Rad8 15. Qe2 Ne4
16. Rfd1 Rfe8 17. Nf3 g5 18. Nfe5 Nxe5 19. Nxe5 Bxe5 20. dxe5 dxc4 21. bxc4 g4
22. h4 Bc6 23. Kf1 Kf7 24. Rxd8 Rxd8 25. Rd1 h5 26. Ke1 Rd7 27. Bf1 Ke8 28. Rxd7
Qxd7 29. Qd3 Qb7 30. Qa3 Kd8 31. Bd3 Qd7 32. Bc1 Kc8 33. Bc2 Kb7 34. Qb3 Qd8 35.
Qa3 Qc7 36. Bb2 Qd7 37. Bc1 Kb8 38. Qb3 Kc8 39. Qa3 Qb7 40. Bd3 Bd7 41. Be2 Kb8
42. Qd3 Qc6 43. Bd1 Qc7 44. Bc2 Kc8 45. Bb2 b5 46. Qa3 b4 47. Qa6+ Kd8 48. Bxe4
fxe4 49. a3 Bc8 50. Qa4 a5 51. Qb5 Ke7 52. Ke2 Kf7 53. Ke1 Bd7 54. Qa6 Ba4 55.
Kf1 Bd1 56. Qa8 Qd7 57. Qh8 Bf3 58. Qxh5+ Kg7 59. Bc1 1/2-1/2

[Event "TCh-ESP Div Honor 2015"]
[Site "Linares ESP"]
[Date "2015.08.20"]
[Round "6.3"]
[Board "2"]
[White "Gustafsson, Jan"]
[Black "Spraggett, Kevin"]
[Result "1-0"]
[WhiteTitle "GM"]
[BlackTitle "GM"]
[WhiteElo "2630"]
[BlackElo "2545"]
[WhiteTeam "Chess24-VTI-Atocha"]
[BlackTeam "Escola d'escacs de Barcelona"]
[WhiteFideId "4625498"]
[BlackFideId "2600013"]
[EventDate "2015.08.15"]

1. d4 Nf6 2. c4 e6 3. Nc3 Bb4 4. Qc2 Nc6 5. Nf3 d6 6. Bd2 O-O 7. a3 Bxc3 8. Bxc3
Re8 9. e3 a5 10. Be2 e5 11. dxe5 dxe5 12. O-O Qe7 13. h3 g6 14. Bd3 e4 15. Bxf6
exd3 16. Qc3 Qd6 17. c5 Qd5 18. Rad1 Bf5 19. Nh4 Re6 20. g4 Rxf6 21. Qxf6 Be6
22. Nf3 Re8 23. Nd4 Nxd4 24. Qxd4 Qf3 25. Qf4 Qxh3 26. Rxd3 Bxg4 27. f3 Bh5 28.
e4 c6 29. Rfd1 Kg7 30. Rd7 Rf8 31. Kf2 h6 32. R1d6 Qh1 33. Rd1 Qh3 34. R1d6 Qh1
35. Rd8 Bxf3 36. Qxf3 Qh4+ 37. Qg3 Qxd8 38. Rxd8 Rxd8 39. Qc7 1-0

[Event "TCh-ESP Div Honor 2015"]
[Site "Linares ESP"]
[Date "2015.08.20"]
[Round "6.3"]
[Board "4"]
[White "Rubio Mejia, Luis Ignacio"]
[Black "Romero Holmes, Alfonso"]
[Result "1-0"]
[WhiteTitle "IM"]
[BlackTitle "GM"]
[WhiteElo "2458"]
[BlackElo "2451"]
[WhiteTeam "Chess24-VTI-Atocha"]
[BlackTeam "Escola d'escacs de Barcelona"]
[WhiteFideId "2281228"]
[BlackFideId "2200066"]
[EventDate "2015.08.15"]

1. d4 d6 2. Nf3 g6 3. c4 Bg7 4. Nc3 Bg4 5. g3 Bxf3 6. exf3 e6 7. d5 Ne7 8. dxe6
fxe6 9. f4 Nbc6 10. Bg2 O-O 11. O-O Qd7 12. h4 h5 13. Re1 Rae8 14. Ne4 Nd4 15.
Bd2 Nef5 16. Bc3 c5 17. Rb1 b6 18. b4 Re7 19. bxc5 bxc5 20. a4 Qc7 21. Kh1 Nc6
22. Bd2 Nfd4 23. Ng5 Qc8 24. Be4 Nf5 25. a5 Ncd4 26. Kg2 Kh8 27. Bc3 Nc6 28.
Bxg7+ Nxg7 29. Qxd6 Rc7 30. Qxc5 Ne7 31. Qa3 Nef5 32. a6 Rxc4 33. Bb7 Qd8 34.
Rbd1 Qb8 35. Nxe6 Nxe6 36. Rxe6 Rxf4 37. Qb2+ Kh7 38. Rd7+ Kh6 39. gxf4 Qxf4 40.
Qd2 Rh8 41. Qd1 1-0

[Event "TCh-ESP Div Honor 2015"]
[Site "Linares ESP"]
[Date "2015.08.20"]
[Round "6.3"]
[Board "5"]
[White "Gual Pascual, Antonio"]
[Black "Almagro Llamas, Pablo"]
[Result "0-1"]
[WhiteTitle "IM"]
[BlackTitle "IM"]
[WhiteElo "2439"]
[BlackElo "2433"]
[WhiteTeam "Escola d'escacs de Barcelona"]
[BlackTeam "Chess24-VTI-Atocha"]
[WhiteFideId "2200589"]
[BlackFideId "2221799"]
[EventDate "2015.08.15"]

1. Nf3 Nf6 2. c4 e6 3. g3 b6 4. Bg2 Bb7 5. O-O c5 6. b3 Be7 7. Bb2 O-O 8. e3 Na6
9. Qe2 d5 10. Rd1 Qc8 11. d3 Rd8 12. Nbd2 Nb4 13. a3 Nc6 14. Rac1 Qc7 15. cxd5
Nxd5 16. e4 Nf6 17. d4 cxd4 18. Nxd4 Nxd4 19. Bxd4 Qd7 20. Nc4 Qb5 21. e5 Nd5
22. Qb2 Rac8 23. Nd6 Rxc1 24. Rxc1 Bxd6 25. exd6 f6 26. Rc7 Nxc7 27. dxc7 Rc8
28. Bxb7 Rxc7 29. Be4 Qd7 30. Be3 e5 31. b4 f5 32. Qb3+ Kh8 33. Bd5 f4 34. Be6
Qd6 0-1

[Event "TCh-ESP Div Honor 2015"]
[Site "Linares ESP"]
[Date "2015.08.20"]
[Round "6.3"]
[Board "6"]
[White "Martinez Martin, David"]
[Black "Aranaz Murillo, Amalia"]
[Result "1/2-1/2"]
[WhiteTitle "IM"]
[BlackTitle "WIM"]
[WhiteElo "2408"]
[BlackElo "2287"]
[WhiteTeam "Chess24-VTI-Atocha"]
[BlackTeam "Escola d'escacs de Barcelona"]
[WhiteFideId "2209748"]
[BlackFideId "22200371"]
[EventDate "2015.08.15"]

1. Nf3 Nf6 2. c4 b6 3. g3 Bb7 4. Bg2 e6 5. O-O Be7 6. d4 O-O 7. Nc3 Na6 8. Ne5
Bxg2 9. Kxg2 Qb8 10. e4 Qb7 11. Bg5 c6 12. Ng4 Nd5 13. cxd5 Bxg5 14. d6 f5 15.
f4 Bf6 16. Nxf6+ Rxf6 17. e5 Rff8 18. a3 b5 19. b4 c5+ 20. Qf3 Qxf3+ 21. Rxf3
cxb4 22. axb4 Nxb4 23. Nxb5 Nc6 24. Rc3 Rab8 25. Rc5 Rb6 26. d5 exd5 27. Rxd5
Rfb8 28. Nxa7 Ra8 29. e6 Rxa7 30. Rxa7 Nxa7 31. exd7 Rb8 32. Ra5 Nc6 33. Rc5 Rd8
34. Rxc6 Rxd7 35. Kh3 Kf7 36. Kh4 Kg6 37. h3 h5 38. Rb6 Kh6 39. Rb5 Rxd6 40.
Rxf5 g6 41. Re5 Rd4 42. Rg5 Rxf4+ 43. gxf4 1/2-1/2

[Event "TCh-ESP Div Honor 2015"]
[Site "Linares ESP"]
[Date "2015.08.20"]
[Round "6.4"]
[Board "3"]
[White "Vallejo Pons, Francisco"]
[Black "Moreno Ruiz, Javier"]
[Result "1-0"]
[WhiteTitle "GM"]
[BlackTitle "IM"]
[WhiteElo "2686"]
[BlackElo "2467"]
[WhiteTeam "Sestao Fundacion EDP"]
[BlackTeam "Ajedrez Collado Villalba"]
[WhiteFideId "2205530"]
[BlackFideId "2203146"]
[EventDate "2015.08.15"]

1. d4 Nf6 2. c4 g6 3. g3 Bg7 4. Bg2 O-O 5. Nc3 d6 6. Nf3 c6 7. O-O Qa5 8. h3 e5
9. e4 Nbd7 10. Re1 exd4 11. Nxd4 Ne5 12. Bf1 Re8 13. Nb3 Qc7 14. Be3 Be6 15. Nd2
Rad8 16. f4 Ned7 17. Rc1 Nf8 18. Bf2 h5 19. Nf3 Bc8 20. Qa4 a6 21. Qb3 N6d7 22.
Qc2 Qa5 23. a3 Ne6 24. Nb1 Qc7 25. b4 a5 26. Nc3 axb4 27. axb4 b6 28. Qb1 Qb8
29. b5 Bb7 30. bxc6 Bxc6 31. Nd5 Ndc5 32. f5 Bxd5 33. cxd5 Nf8 34. Nd4 1-0

[Event "TCh-ESP Div Honor 2015"]
[Site "Linares ESP"]
[Date "2015.08.20"]
[Round "6.4"]
[Board "4"]
[White "Touzane, Olivier"]
[Black "Rodshtein, Maxim"]
[Result "1/2-1/2"]
[WhiteTitle "IM"]
[BlackTitle "GM"]
[WhiteElo "2339"]
[BlackElo "2678"]
[WhiteTeam "Ajedrez Collado Villalba"]
[BlackTeam "Sestao Fundacion EDP"]
[WhiteFideId "602906"]
[BlackFideId "2806851"]
[EventDate "2015.08.15"]

1. g3 d5 2. Nf3 c6 3. Bg2 Bf5 4. c4 Nf6 5. O-O e6 6. d3 dxc4 7. dxc4 Nbd7 8. Nc3
h6 9. Bf4 Be7 10. h3 O-O 11. g4 Bh7 12. Qd2 Qb6 13. Rad1 Rfd8 14. Qc1 Qa5 15.
Bd6 Bxd6 16. Rxd6 Be4 17. Rfd1 Bxf3 18. Bxf3 Ne5 19. b4 Qc7 20. Rxd8+ Rxd8 21.
Rxd8+ Qxd8 22. Qf4 Qd6 23. c5 Nxf3+ 24. Qxf3 Qd4 25. a3 h5 26. g5 Nd7 27. Ne4
Ne5 28. Qf4 Qa1+ 29. Kh2 Ng6 30. Qb8+ Kh7 31. Qc7 Qd4 32. Nf6+ gxf6 33. Qxf7+
Kh8 34. e3 Qb2 35. gxf6 Qxf2+ 36. Kh1 Qf3+ 37. Kh2 Qe2+ 38. Kh1 Qd1+ 39. Kh2
Qd2+ 40. Kh1 Qd5+ 41. Kh2 Qe5+ 42. Kh1 Qd5+ 1/2-1/2

[Event "TCh-ESP Div Honor 2015"]
[Site "Linares ESP"]
[Date "2015.08.20"]
[Round "6.4"]
[Board "5"]
[White "Salgado Lopez, Ivan"]
[Black "Ortega Ruiz, Jose Miguel"]
[Result "1-0"]
[WhiteTitle "GM"]
[BlackTitle "FM"]
[WhiteElo "2615"]
[BlackElo "2300"]
[WhiteTeam "Sestao Fundacion EDP"]
[BlackTeam "Ajedrez Collado Villalba"]
[WhiteFideId "2257327"]
[BlackFideId "2209713"]
[EventDate "2015.08.15"]

1. e4 d5 2. exd5 Qxd5 3. Nc3 Qd8 4. d4 Nf6 5. Nf3 Bg4 6. h3 Bxf3 7. Qxf3 c6 8.
Qd3 Na6 9. a3 Qa5 10. Rb1 e6 11. Be2 Rd8 12. O-O Nc7 13. b4 Qf5 14. Qxf5 exf5
15. Rd1 Ne6 16. d5 Nxd5 17. Nxd5 Rxd5 18. Rxd5 cxd5 19. Bb2 Bd6 20. Bf3 d4 21.
Bxb7 Ke7 22. Re1 Rb8 23. Ba6 Bc5 24. c4 dxc3 25. Bxc3 Bb6 26. Bxg7 Rd8 27. Bh6
Kf6 28. Be3 Nd4 29. Rc1 Ke5 30. Bg5 Rg8 31. f4+ Ke4 32. Kf1 Ne6 33. Re1+ Be3 34.
Bh4 Kd4 35. g3 Kd5 1-0

[Event "TCh-ESP Div Honor 2015"]
[Site "Linares ESP"]
[Date "2015.08.20"]
[Round "6.4"]
[Board "6"]
[White "Cao Armillas, Jesus"]
[Black "Del Rio De Angelis, Salvador G."]
[Result "0-1"]
[BlackTitle "GM"]
[WhiteElo "2090"]
[BlackElo "2511"]
[WhiteTeam "Ajedrez Collado Villalba"]
[BlackTeam "Sestao Fundacion EDP"]
[WhiteFideId "2212269"]
[BlackFideId "2203138"]
[EventDate "2015.08.15"]

1. d4 e6 2. g3 c5 3. c3 Nf6 4. Bg2 d5 5. Nf3 Be7 6. O-O O-O 7. h3 Nc6 8. Bg5
cxd4 9. Nxd4 e5 10. Nxc6 bxc6 11. c4 Be6 12. cxd5 cxd5 13. Nc3 d4 14. Bxf6 Bxf6
15. Ne4 Be7 16. Qa4 Qb6 17. b3 Rad8 18. Rfc1 Bd7 19. Qc4 Ba3 20. Rd1 Bb5 21. Qc2
Rc8 22. Qd2 f5 23. Ng5 e4 24. h4 d3 25. exd3 Bxd3 26. Bf1 Bb4 27. Qf4 Bd6 28.
Qe3 Bc5 29. Qf4 Bxf2+ 30. Kg2 Be3 0-1